000
00237nam a2200097Ia 4500
008
230508s2005 xx 000 0 und d
041
_a
eng
100
_a
SEDHA.R.S.
245
_a
T.B.OF APPLIED ELECTRONICS
260
_b
S. CHAND.& CO.
_c
2005
999
_c
335800
_d
335800